Vojvodovo: kus česko-bulharské historie
| Titel: | Vojvodovo: kus česko-bulharské historie : tentokrát převážně očima jeho obyvatel / Marek Jakoubek |
|---|---|
| Verfasser: | |
| Ausgabe: | 1. vyd. |
| Veröffentlicht: | Brno : Centrum pro Studium Demokracie a Kultury [u.a.], 2011 |
| Umfang: | 258, XXIV S. : Ill., Kt. |
| Format: | Buch |
| Sprache: | Tschechisch |
| Schriftenreihe/ mehrbändiges Werk: |
Etnologická řada ; 3 |
| RVK-Notation: | |
| ISBN: | 9788073252618 ; 9788026100720 ; 8073252619 ; 8026100727 |
| Hinweise zum Inhalt: |
Inhaltsverzeichnis
|
alg: 30556087
001A $03004:19-07-12
001B $01999:10-05-25 $t18:16:17.000
001C $06060:25-11-15 $t01:04:51.000
001D $03004:12-03-13
001U $0utf8
001X $00
002@ $0Aau
003@ $0305560875
003O $0780136205 $aOCoLC
004A $A978-80-7325-261-8
004A $A978-80-261-0072-0
004A $080-7325-261-9
004A $080-261-0072-7
007A $0305560875 $aHEB
007T $0Herdhh305560875
009P $qapplication/pdf $A2 $3Inhaltsverzeichnis $uhttp://scans.hebis.de/HEBCGI/show.pl?30556087_toc.pdf $mV:DE-604
010@ $acze
011@ $a2011 $n2011
021A $aVojvodovo: kus česko-bulharské historie $dtentokrát převážně očima jeho obyvatel $hMarek Jakoubek
027A/01 $aVojvodovo
028A $#Jakoubek, M. $71078960305 $8Jakoubek, Marek$Z1975- [Tp3] $936653114X
032@ $a1. vyd.
033A $pBrno $nCentrum pro Studium Demokracie a Kultury {[u.a.]
034D $a258, XXIV S.
034M $aIll., Kt.
036E $aEtnologická řada $l3
036F $x13 $8Etnologická řada $9212907484 $l3
037A $aZsfassung in engl. Sprache u.d.T.: Vojvodovo: a part of Czech-Bulgarian history
044K $77745463-7 $8Vojvodovo [Tg1] $9246748133
044K $RTschechin $#Czechs $#Tchèques $#Tschechen $#Tscheche $#Tschechen $#Czechs $74061083-4 $8Tschechen [Ts1] $9085169609
044K $RKultur $RAlltagskultur $RArbeiterkultur $RIndustriekultur $RMassenkultur $#Popular culture $#Culture populaire $#Culture de masse $#Cultura popolare $#Folklore $#Populärkultur Volkskultur $#Popularkultur Volkskultur $#Volksleben $#Folklore Volkskultur $74063849-2 $8Volkskultur [Ts1] $9085178993
045F $a305.80094371 $eDDC23BSB
045F/01 $a305.8009
045F/03 $g4371
045F/03 $g496
045G $a900.94371 $eDDC23BSB
045G/01 $a900
045G/03 $g4371
045Z $8NQ 8275 [Tkv] $9410919411
lok: 30556087 24
101B $019-09-13 $t09:52:56.000
101C $012-03-13
101U $0utf8
145Z/01 $a23 3 D
145Z/02 $a53 3 D
145Z/03 $a23 5 Fa
145Z/04 $a53 8 V 2
exp: 30556087 24 1 #EPN
201B/01 $012-03-13 $t14:03:09.000
201C/01 $019-07-12
201U/01 $0utf8
203@/01 $0646095781
208@/01 $a12-03-13 $bz
209A/01 $a12.05752 $du $f050 $h12 05752 $x00
209C/01 $a12.05752 K $h12 05752 K
209G/01 $a73034329 $x00
220C/01 $akon
247C/01 $8358050-7 Marburg, Bibliothek des Herder-Instituts Marburg $9102600961
lok: 30556087 78
exp: 30556087 78 1 #EPN
201B/01 $026-11-17 $t00:33:47.000
201U/01 $0utf8
203@/01 $0793865174
208@/01 $a12-11-16 $be
209A/01 $a/ $f000 $x00
244Z/01 $#Tschechien $#Tschechische Republik $#Tschechien $#Tschechische Republik $#Tschechenland $#Tschechei Tschechien $#Česká Republika $#Czech Republic $#ČR $74303381-7 $8--Tg1--Tschechien $x01 $9086659812
244Z/01 $2Trx $#Böhmen $#Bohemia $#Czechy $8--Trx--Čechy $x02 $9391188941
244Z/01 $2Trx $8--Trx--Monographie $x03 $9391384546
247C/01 $82080>Marburg/Lahn, Herder-Institut, Forschungsbibliothek, Bibliographieportal $9336309341
lok: 30556087 204
exp: 30556087 204 1 #EPN
201B/01 $014-03-23 $t10:47:43.000
201C/01 $014-02-23
201U/01 $0utf8
203@/01 $01227449372
208@/01 $a14-03-23 $bzUB
209A/01 $a000 NQ 8275 J25-1 $du $f000 $x00
209G/01 $a64606395 $x00
245S/01 $a10200 $x01
247C/01 $8631000-x <26>Gießen, Universität Gießen, Universitätsbibliothek Gießen $9102596697
| LEADER | 00000cam a2200000 c 4500 | ||
|---|---|---|---|
| 001 | 305560875 | ||
| 003 | DE-603 | ||
| 005 | 20250510181617.0 | ||
| 007 | tu | ||
| 008 | 120719s2011 xx |||| | u00||u|cze c | ||
| 020 | |a 9788073252618 | ||
| 020 | |a 9788026100720 | ||
| 020 | |a 8073252619 | ||
| 020 | |a 8026100727 | ||
| 035 | |a (DE-599)HEB305560875 | ||
| 035 | |a (OCoLC)780136205 | ||
| 040 | |a DE-603 |b ger |c DE-603 |d DE-603 | ||
| 041 | |a cze | ||
| 082 | 0 | 4 | |8 1\u |a 305.80094371 |q DE-101 |2 23/BSB |
| 083 | 0 | |8 2\u |a 900.94371 |q DE-101 |2 23/BSB | |
| 084 | |a NQ 8275 |0 (DE-625)128969: |0 (DE-603)410919411 |2 rvk | ||
| 085 | |8 1\u |b 305.8009 | ||
| 085 | |8 1\u |z 2 |s 4371 | ||
| 085 | |8 1\u |z 2 |s 496 | ||
| 085 | |8 2\u |b 900 | ||
| 085 | |8 2\u |z 2 |s 4371 | ||
| 100 | 1 | |a Jakoubek, Marek |d 1975- |0 (DE-603)36653114X |0 (DE-588)1078960305 |2 gnd | |
| 245 | 0 | 0 | |a Vojvodovo: kus česko-bulharské historie |b tentokrát převážně očima jeho obyvatel |c Marek Jakoubek |
| 246 | 1 | 3 | |a Vojvodovo |
| 250 | |a 1. vyd. | ||
| 264 | 1 | |a Brno |b Centrum pro Studium Demokracie a Kultury [u.a.] |c 2011 | |
| 300 | |a 258, XXIV S. |b Ill., Kt. | ||
| 490 | 1 | |a Etnologická řada |v 3 | |
| 500 | |a Zsfassung in engl. Sprache u.d.T.: Vojvodovo: a part of Czech-Bulgarian history | ||
| 650 | 7 | |a Tschechen |0 (DE-588)4061083-4 |0 (DE-603)085169609 |2 gnd | |
| 650 | 7 | |a Volkskultur |0 (DE-588)4063849-2 |0 (DE-603)085178993 |2 gnd | |
| 651 | 7 | |a Vojvodovo |0 (DE-588)7745463-7 |0 (DE-603)246748133 |2 gnd | |
| 830 | 0 | |t Etnologická řada |v 3 |w (DE-603)212907484 |w (DE-600)2498784-0 |9 13 |7 as | |
| 856 | 4 | 2 | |m V:DE-604 |q application/pdf |u http://scans.hebis.de/HEBCGI/show.pl?30556087_toc.pdf |3 Inhaltsverzeichnis |
| 924 | 0 | |9 Mb 50 |a (DE-603)646095781 |b DE-Mb50 |c HES |d c |g 12.05752 | |
| 924 | 0 | |9 2080 |a (DE-603)793865174 |b DE-2080 |c HES |d d |g / | |
| 924 | 0 | |9 26 |a (DE-603)1227449372 |b DE-26 |c HES |d c |g 000 NQ 8275 J25-1 | |


